Countries that Donald Trump Visited in 2017 - Statistics

General Stats
  • This quiz has been taken 327 times
  • The average score is 9 of 13
Answer Stats
Date Country % Correct
July 13-14 France
90%
November 8-10 China
87%
November 5-7 Japan
85%
July 6-8 Germany
83%
May 22-23 Israel
81%
May 23-24 and May 25-27 Italy
78%
November 7-8 South Korea
75%
May 20-22 Saudi Arabia
59%
July 5-6 Poland
57%
November 12-14 Philippines
43%
May 24-25 Belgium
42%
November 10-12 Vietnam
41%
May 24 Vatican City
35%
No matching quizzes found
Score Distribution
Percent of People with Each Score
Percentile by Number Answered
Your Score History
You have not taken this quiz